| 000 | 00460nam a2200193Ia 4500 | ||
|---|---|---|---|
| 005 | 20240823054749.0 | ||
| 008 | 240823s9999||||xx |||||||||||||| ||und|| | ||
| 041 | _aENGLISH | ||
| 082 | _A005.3 N3 VEN | ||
| 100 | _aTed Nace | ||
| 245 | 0 | _a"Ventura, Tips and Tricks" | |
| 250 | _a3rd | ||
| 260 |
_c1993 _b"Jaico,Bombay" |
||
| 500 | _aYES | ||
| 650 |
_aVentura _bInformation Technology |
||
| 700 | _a Daniel Will-Harris | ||
| 942 | _cBK | ||
| 999 |
_c227221 _d227221 |
||